The mechanical properties of fluids; (Record no. 544328)

000 -LEADER
fixed length control field 00991cam a22002531 4500
082 ## - DEWEY DECIMAL CLASSIFICATION NUMBER
Classification number 532
Author Mark MEC
-- L-22,P-3.
100 1# - MAIN ENTRY--PERSONAL NAME
Personal name Drysdale, C. V.
9 (RLIN) 39939
245 14 - TITLE STATEMENT
Title The mechanical properties of fluids;
Remainder of title a collective work,
Statement of responsibility, etc. by C.V. Drysdale ... Allan Ferguson ... A.E.M. Geddes ... A.H. Gibson ... Sir George Goodwin ... F.R.W. Hunt ... Horace Lamb ... A.G.M. Michell ... G.I. Taylor ...
250 ## - EDITION STATEMENT
Edition statement 2nd ed.
260 ## - PUBLICATION, DISTRIBUTION, ETC.
Place of publication, distribution, etc. London [etc.]
Name of publisher, distributor, etc. Blackie and son limited,
Date of publication, distribution, etc. 1923.
300 ## - PHYSICAL DESCRIPTION
Extent xiv p., 1 l., 362 p.
Other physical details illus., plates, fold. tab., diagrs. (1 fold.)
Dimensions 23 cm.
490 1# - SERIES STATEMENT
Series statement Applied physics series
526 ## - STUDY PROGRAM INFORMATION NOTE
Program name 0
Interest level 0
Reading level 0
Title point value 532_000000000000000_MEC
650 #0 - SUBJECT ADDED ENTRY--TOPICAL TERM
Topical term or geographic name entry element Fluids.
9 (RLIN) 30459
650 #0 - SUBJECT ADDED ENTRY--TOPICAL TERM
Topical term or geographic name entry element MCE
9 (RLIN) 379
700 1# - ADDED ENTRY--PERSONAL NAME
Personal name Ferguson, Allan,
9 (RLIN) 39940
700 1# - ADDED ENTRY--PERSONAL NAME
Personal name Geddes, A. E. M.
9 (RLIN) 39941
700 1# - ADDED ENTRY--PERSONAL NAME
Personal name Gibson, A. H.
9 (RLIN) 39942
700 1# - ADDED ENTRY--PERSONAL NAME
Personal name Hunt, F. R. W.
9 (RLIN) 39943
700 1# - ADDED ENTRY--PERSONAL NAME
Personal name Lamb, Horace,
700 1# - ADDED ENTRY--PERSONAL NAME
Personal name Michell, A. G. M.
9 (RLIN) 39944
700 1# - ADDED ENTRY--PERSONAL NAME
Personal name Taylor, Geoffrey Ingram,
9 (RLIN) 39945
942 ## - ADDED ENTRY ELEMENTS (KOHA)
Source of classification or shelving scheme
Koha item type Book
Holdings
Withdrawn status Lost status Source of classification or shelving scheme Damaged status Not for loan Permanent Location Current Location Date acquired Total Checkouts Full call number Barcode Date last seen Price effective from Koha item type
          Military College of Engineering (MCE) Military College of Engineering (MCE) 04/17/2014   532 MEC MCE-30447 04/17/2014 04/17/2014 Book
© 2023 Central Library, National University of Sciences and Technology. All Rights Reserved.